| 000 | 00407nam a2200169Ia 4500 | ||
|---|---|---|---|
| 005 | 20250423094530.0 | ||
| 008 | 250422s9999 xx 000 0 und d | ||
| 020 | _a975-362-671-1 | ||
| 050 | _aDS 481 .K42 E27/ | ||
| 100 | _aEknath, Easwaran, 1910-1999 | ||
| 245 | 0 | _aBadsah Han : Islam`in silahsiz askeri | |
| 260 | _aIstanbul | ||
| 260 | _bTimas | ||
| 260 | _c2002 | ||
| 300 | _a278 p | ||
| 942 | _cBK | ||
| 999 |
_c27516 _d27516 |
||